Plato Today /

Platón (427-347 a.C.), filósofo griego nacido en Atenas. En el año 387 a.C. fundó en su ciudad natal la Academia, considerada la primera escuela docente de filosofía. Su pensamiento se recoge en los aproximadamente 30 diálogos y cartas que escribió, los cuales se clasifican en cuatro etapas: de la j...

Descrizione completa

Salvato in:
Dettagli Bibliografici
Autore principale: Crossman, R.H.S (autor)
Natura: Libro
Lingua:inglese
Pubblicazione: Londres, Inglaterra : Unwin Books, 1963, c1963
Soggetti:
Tags: Aggiungi Tag
Nessun Tag, puoi essere il primo ad aggiungerne!!

MARC

LEADER 00000nam^a2200000^a^4500
001 000005820
005 20250521000000.0
009 20260310083358.781
037 |a Acervo ITESO - Biblioteca 
041 |a ING 
082 |a 184.  |b PLA EST CRO 
100 |a Crossman, R.H.S.  |e (autor) 
245 1 0 |a Plato Today /  |c R.H.S. Crossman. 
264 4 |a Londres, Inglaterra :  |b Unwin Books,  |c 1963, c1963 
300 |a 192 p. 
336 |a texto  |b txt  |2 rdacontenido 
337 |a sin mediación  |b n  |2 rdamedio 
338 |a volumen  |b nc  |2 rdasoporte 
520 |a Platón (427-347 a.C.), filósofo griego nacido en Atenas. En el año 387 a.C. fundó en su ciudad natal la Academia, considerada la primera escuela docente de filosofía. Su pensamiento se recoge en los aproximadamente 30 diálogos y cartas que escribió, los cuales se clasifican en cuatro etapas: de la juventud o influjo socrático, de la transición, de la madurez y de la vejez. Su pensamiento plantea la aspiración del hombre por el conocimiento, el bien, la armonía con la ciudad y su relación con lo divino; en consecuencia sus diálogos abordan principalmente temáticas de epistemología, ética, estética, cosmología, educación y política. 
649 |a XX 
650 |a Filósofos Griegos 
650 |a Diálogos Griegos -  |x Historia y Crítica 
650 |a Escuela Platónica (Academia) -  |x Historia y Crítica -  |x Tema Principal 
650 |a Socráticos -  |x Historia y Crítica 
650 |a Filosofía Griega -  |x Historia y Crítica 
650 |a Filosofía Clásica -  |x Historia y Crítica 
650 |a Platón -  |x Tema Principal 
910 |a Fondo General 
920 |a Impresos - Libros 
930 |a Colección General 
905 |a 101 
901 |a 0058200100  |b IT1  |c ACC  |i 005820  |u 20250521 
902 |a https://opac.biblio.iteso.mx/vufind/Record/000005820